000
00320nam a2200133Ia 4500
005
20260328104340.0
008
260328s9999||||xx |||||||||||||| ||und||
100
_a
MartÃnez, Carlos
245
0
_a
Arquitectura en Colombia /
_c
Carlos MartÃnez
260
_b
Proa
300
_a
221 p.
650
_a
VIVIENDA
942
_c
BK
999
_c
12056
_d
12056